Golden Globe Award for Best Actress – Miniseries or Television Film - Statistics

General Stats
  • This quiz has been taken 9 times
  • The average score is 18 of 36
Answer Stats
Year Actress % Correct
2006 Helen Mirren
83%
1996 Helen Mirren
83%
2012 Julianne Moore
83%
1992 Laura Dern
83%
2003 Meryl Streep
83%
1984 Ann-Margret
67%
1983 Ann-Margret
67%
2010 Claire Danes
67%
2004 Glenn Close
67%
1999 Halle Berry
67%
1982 Ingrid Bergman
67%
1995 Jessica Lange
67%
2001 Judy Davis
67%
1991 Judy Davis
67%
2011 Kate Winslet
67%
2008 Laura Linney
67%
2016 Sarah Paulson
67%
2000 Judi Dench
50%
2015 Lady Gaga
50%
2014 Maggie Gyllenhaal
50%
2007 Queen Latifah
50%
2002 Uma Thurman
50%
1998 Angelina Jolie
33%
1990 Barbara Hershey
33%
1993 Bette Midler
33%
2009 Drew Barrymore
33%
2013 Elisabeth Moss
33%
1994 Joanne Woodward
33%
2005 S. Epatha Merkerson
33%
1997 Alfre Woodard
17%
1988 Ann Jillian
17%
1989 Christine Lahti
17%
1987 Gena Rowlands
17%
1981 Jane Seymour
17%
1985 Liza Minnelli
17%
1986 Loretta Young
17%
No matching quizzes found
Score Distribution
Percent of People with Each Score
Percentile by Number Answered
Your Score History
You have not taken this quiz